000 00297nam a2200121Ia 4500
008 190216s9999||||xx |||||||||||||| ||und||
100 _aArun Bahl And Bahl
245 0 _aText Book Of Organic Chemistry
260 _bS Chand & Co
_c2000
300 _a895p
650 _aOrganic Chemistry
942 _cBK
999 _c2001
_d2001